Famous Chris's by Picture - Statistics

General Stats
  • This quiz has been taken 127 times
  • The average score is 5 of 8
Answer Stats
Picture Answer % Correct
Chris Hemsworth
91%
Christopher Colombus
82%
Chris Pratt
79%
Christopher Reeve
65%
Kristen Stewart
65%
Chris Evans
64%
Kris Kringle
52%
Christina Aguelleira
3%
No matching quizzes found
Score Distribution
Percent of People with Each Score
Percentile by Number Answered
Your Score History
You have not taken this quiz